| 000 | 01664nkm0a2200361 4500 | ||
|---|---|---|---|
| 001 | RU\NLR\DIGIT\30540 | ||
| 005 | 20250806203142.0 | ||
| 035 | _a(NLR Aleph) 010117737 | ||
| 090 |
_a75089 _c75089 |
||
| 100 | _a20060202d1944 m y0rusy50 ca | ||
| 101 | 0 | _arus | |
| 102 | _aRU | ||
| 135 | _acrcn 024apabr | ||
| 200 | 1 |
_aНа Марсовом поле во время салюта _fФото В. Федосеева |
|
| 210 |
_aЛенинград _d14.02.44 |
||
| 215 | _cФот. | ||
| 325 | _aКопия доступна в Электрон. б-ке РНБ http://vivaldi.nlr.ru/lh000000911/view | ||
| 461 | 0 | _12001#$aФотохроника ЛенТАСС | |
| 700 | 1 |
_aФедосеев _bВ. _4600 |
|
| 801 | 2 |
_aRU _bNLR _c20070626 _2rusmarc |
|
| 852 |
_aNLR _jЭ АлИр995,5/2-9/4 _pЭи 8755 |
||
| 856 | 0 | _uhttp://vivaldi.nlr.ru/lh000000911/view | |
| 856 | 1 | _uhttp://vivaldi.nlr.ru/lh000000911/cover | |
| 856 | 2 | _uhttp://vivaldi.nlr.ru/lh000000911/text | |
| 942 | _cVISUAL | ||
| 945 | _aРоссийская национальная библиотека | ||
| 980 | _aBV | ||
| 981 | 3 | 7 | _a(37) Ленинград в Великой Отечественной войне |
| 981 | 1 | 3 | _a(13) Документы, защищенные авторским правом |
| 981 | 3 | 6 | _a(36) Цифровой репозиторий РНБ |
| 981 | 3 | 4 |
_a(34) Санкт-Петербург _b(34) Фотографии Санкт-Петербурга-Петрограда-Ленинграда _bФотохроника ЛенТАСС |
| 981 | 1 | 7 |
_a(17) Изографические материалы _b(17) Фотографии |